[Event "Fagernes International 2022"]
[Site "Fagernes"]
[Date "2022.04.15"]
[Round "7.11"]
[White "Lye, Sigurd"]
[Black "Rynning, Rune Kleiven"]
[Result "0-1"]
[WhiteElo "1810"]
[BlackElo "1694"]
[Annotator "NA RC"]
[PlyCount "60"]
[EventDate "2022.04.10"]
[EventCountry "NOR"]
[SourceTitle "playchess.com"]
[Source "ChessBase"]
[SourceQuality "1"]

1. e4 {[%emt 0:00:05]} c5 {[%emt 0:00:06]} 2. Nf3 {[%emt 0:00:04]} d6 {[%emt 0:00:06]} 3. Bb5+ {[%emt 0:00:03]} Bd7 {[%emt 0:00:09]} 4. Bxd7+ {[%emt 0:00:07]} Qxd7 {[%emt 0:00:06]} 5. c4 {[%emt 0:00:06]} Nf6 {[%emt 0:00:14]} 6. Nc3 {[%emt 0:00:06]} g6 {[%emt 0:00:30]} 7. d4 {[%emt 0:00:05]} cxd4 {[%emt 0:00:06]} 8. Nxd4 {[%emt 0:00:04]} Bg7 {[%emt 0:00:21]} 9. f3 {[%emt 0:00:17]} O-O {[%emt 0:02:05]} 10. Be3 {[%emt 0:00:14]} e6 {[%emt 0:07:12]} 11. O-O {[%emt 0:01:51]} Rd8 {[%emt 0:00:38]} 12. Qd2 {[%emt 0:00:41]} d5 {[%emt 0:00:54]} 13. cxd5 {[%emt 0:00:26]} exd5 {[%emt 0:00:16]} 14. e5 {[%emt 0:00:20]} Ne8 {[%emt 0:00:22]} 15. f4 {[%emt 0:00:20]} Nc6 {[%emt 0:02:22]} 16. Nxc6 {[%emt 0:11:19]} bxc6 {[%emt 0:01:59]} 17. Rad1 {[%emt 0:02:59]} f6 {[%emt 0:05:20]} 18. Bd4 {[%emt 0:03:58]} fxe5 {[%emt 0:04:15]} 19. Bxe5 {[%emt 0:13:25]} Bxe5 {[%emt 0:00:02]} 20. fxe5 {[%emt 0:00:17]} Qe7 {[%emt 0:15:33]} 21. Qe2 {[%emt 0:18:17]} Ng7 {[%emt 0:03:20]} 22. Rf6 {[%emt 0:00:40]} Ne6 {[%emt 0:02:28]} 23. Qg4 {[%emt 0:00:59]} Re8 {[%emt 0:03:14]} 24. b4 {[%emt 0:12:29]} Nd8 {[%emt 0:20:21]} 25. Rdf1 {[%emt 0:06:29]} Qxe5 {[%emt 0:10:44]} 26. Rxg6+ {[%emt 0:02:52]} hxg6 {[%emt 0:00:31]} 27. Qxg6+ {[%emt 0:00:09]} Kh8 {[%emt 0:00:22]} 28. Rf8+ {[%emt 0:00:31]} Rxf8 {[%emt 0:01:01]} 29. Qh6+ {[%emt 0:00:13]} Kg8 {[%emt 0:00:35]} 30. Qg6+ {[%emt 0:00:10]} Qg7 {[%emt 0:00:24]} 0-1

[Event "Fagernes International 2022"]
[Site "Fagernes"]
[Date "2022.04.15"]
[Round "7.12"]
[White "Simonsen, David Mindestrommen"]
[Black "Vangen, David Luangtep"]
[Result "0-1"]
[WhiteElo "1633"]
[BlackElo "1665"]
[Annotator "NA RC"]
[PlyCount "58"]
[EventDate "2022.04.10"]
[EventCountry "NOR"]
[SourceTitle "playchess.com"]
[Source "ChessBase"]
[SourceQuality "1"]

1. e4 c5 2. Nf3 d6 3. d4 cxd4 4. Qxd4 Nc6 5. Bb5 Qa5+ 6. Nc3 Qxb5 7. Nxb5 Nxd4 8. Nfxd4 Kd8 9. Bg5 Bd7 10. O-O-O f6 11. e5 fxg5 12. Rhe1 Bxb5 13. Nxb5 Kd7 14. c4 a6 15. Nc3 Rc8 16. b3 g6 17. Ne4 Rc6 18. Kb1 Bg7 19. Nxg5 Nh6 20. Ne6 Kxe6 21. exd6+ Kf6 22. Rxe7 Rxd6 23. Rxd6+ Kxe7 24. Rb6 Rb8 25. b4 Nf5 26. c5 Nd4 27. a4 Be5 28. c6 Nxc6 29. b5 Bc7 0-1

[Event "Fagernes International 2022"]
[Site "Fagernes"]
[Date "2022.04.15"]
[Round "7.13"]
[White "Hellesoy, David"]
[Black "Paulien, Pascal"]
[Result "0-1"]
[WhiteElo "1561"]
[BlackElo "1815"]
[Annotator "NA RC"]
[PlyCount "68"]
[EventDate "2022.04.10"]
[EventCountry "NOR"]
[SourceTitle "playchess.com"]
[Source "ChessBase"]
[SourceQuality "1"]

1. e4 {[%emt 0:00:02]} d5 {[%emt 0:00:10]} 2. exd5 {[%emt 0:00:06]} Qxd5 {[%emt 0:00:07]} 3. Nc3 {[%emt 0:00:05]} Qa5 {[%emt 0:00:09]} 4. Bc4 {[%emt 0:00:08]} Nf6 {[%emt 0:00:36]} 5. d3 {[%emt 0:00:09]} c6 {[%emt 0:00:22]} 6. Bd2 {[%emt 0:00:07]} Bf5 {[%emt 0:01:04]} 7. Nf3 {[%emt 0:01:02]} Qc7 {[%emt 0:00:16]} 8. a4 {[%emt 0:00:09]} e6 {[%emt 0:00:34]} 9. Nh4 {[%emt 0:00:07]} Bg4 {[%emt 0:00:43]} 10. f3 {[%emt 0:00:58]} Bh5 {[%emt 0:01:33]} 11. g4 {[%emt 0:04:13]} Bg6 {[%emt 0:00:44]} 12. Qe2 {[%emt 0:02:45]} Be7 {[%emt 0:02:30]} 13. Ng2 {[%emt 0:00:30]} Nbd7 {[%emt 0:03:18]} 14. h4 {[%emt 0:07:05]} h6 {[%emt 0:14:15]} 15. h5 {[%emt 0:03:12]} Bh7 {[%emt 0:01:33]} 16. a5 {[%emt 0:00:33]} Nd5 {[%emt 0:11:11]} 17. Ne4 {[%emt 0:09:36]} N7f6 {[%emt 0:08:54]} 18. Ra4 {[%emt 0:11:59]} Rd8 {[%emt 0:08:49]} 19. Kd1 $19 {[%emt 0:05:27]} (19. Bb3 $15) 19... b5 {[%emt 0:02:35]} 20. axb6 {[%emt 0:02:05]} axb6 {[%emt 0:00:24]} 21. Nxf6+ {[%emt 0:06:17]} Nxf6 {[%emt 0:07:15]} 22. Bf4 {[%emt 0:10:10]} Bd6 {[%emt 0:03:55]} 23. Bxd6 {[%emt 0:03:13]} Qxd6 {[%emt 0:00:14]} 24. Ra7 {[%emt 0:01:51]} O-O {[%emt 0:02:20]} 25. Re1 {[%emt 0:07:29]} Rfe8 {[%emt 0:03:10]} 26. Qe5 {[%emt 0:04:16]} Qb4 {[%emt 0:03:07]} 27. Qc3 {[%emt 0:10:50]} Qc5 {[%emt 0:05:15]} 28. Qe5 {[%emt 0:01:13]} Qxc4 {[%emt 0:00:11]} 29. Nf4 {[%emt 0:09:13]} Qd4 {[%emt 0:07:38]} 30. Qxd4 {[%emt 0:05:35]} Rxd4 {[%emt 0:00:16]} 31. Ne2 {[%emt 0:00:30]} Rd7 {[%emt 0:02:14]} 32. Ra6 {[%emt 0:00:16]} Nd5 {[%emt 0:01:52]} 33. Nd4 {[%emt 0:02:11]} Nb4 {[%emt 0:01:16]} 34. Nxc6 {[%emt 0:03:24]} Nxa6 {[%emt 0:00:13]} 0-1

[Event "Fagernes International 2022"]
[Site "Fagernes"]
[Date "2022.04.15"]
[Round "7.14"]
[White "Skogholt, Steinar Dieseth"]
[Black "Ali, Karim"]
[Result "0-1"]
[WhiteElo "1105"]
[BlackElo "1786"]
[Annotator "NA RC"]
[PlyCount "76"]
[EventDate "2022.04.10"]
[EventCountry "NOR"]
[SourceTitle "playchess.com"]
[Source "ChessBase"]
[SourceQuality "1"]

1. Nf3 {[%emt 0:00:03]} e6 {[%emt 0:05:13]} 2. d4 {[%emt 0:00:16]} b6 {[%emt 0:00:23]} 3. c4 {[%emt 0:00:49]} Bb7 {[%emt 0:00:05]} 4. Bf4 {[%emt 0:01:16]} Nf6 {[%emt 0:00:38]} 5. Nc3 {[%emt 0:00:38]} h6 {[%emt 0:01:42]} 6. e3 {[%emt 0:02:56]} Nh5 7. Bg3 {[%emt 0:00:16]} Nxg3 {[%emt 0:00:27]} 8. hxg3 {[%emt 0:00:10]} d6 {[%emt 0:04:41]} 9. e4 {[%emt 0:02:25]} Nd7 {[%emt 0:00:32]} 10. Qc2 {[%emt 0:02:48]} a5 {[%emt 0:01:32]} 11. Bd3 {[%emt 0:04:40]} e5 {[%emt 0:06:17]} 12. d5 {[%emt 0:03:09]} Nc5 {[%emt 0:00:52]} 13. Be2 {[%emt 0:03:30]} Bc8 {[%emt 0:02:56]} 14. Nd2 {[%emt 0:02:49]} g6 {[%emt 0:08:14]} 15. Nb3 {[%emt 0:03:46]} Nd7 {[%emt 0:00:09]} 16. f4 {[%emt 0:01:45]} Bg7 {[%emt 0:02:42]} 17. a4 {[%emt 0:04:15]} Nf8 {[%emt 0:07:50]} 18. O-O-O {[%emt 0:03:22]} h5 {[%emt 0:09:19]} 19. Bd3 {[%emt 0:04:48]} Qe7 {[%emt 0:02:32]} 20. Kb1 {[%emt 0:03:08]} Nh7 {[%emt 0:02:23]} 21. Rdf1 {[%emt 0:02:33]} Nf6 {[%emt 0:02:30]} 22. f5 {[%emt 0:01:56]} Ng4 {[%emt 0:08:58]} 23. Rf3 {[%emt 0:09:00]} O-O {[%emt 0:03:10]} 24. Nd2 {[%emt 0:04:33]} Bd7 {[%emt 0:03:04]} 25. Nf1 {[%emt 0:01:00]} Bh6 {[%emt 0:00:27]} 26. Nh2 {[%emt 0:00:58]} Qg5 {[%emt 0:11:25]} 27. Nxg4 {[%emt 0:06:15]} hxg4 {[%emt 0:01:44]} 28. Rf2 {[%emt 0:00:24]} gxf5 {[%emt 0:04:51]} 29. exf5 {[%emt 0:00:41]} f6 {[%emt 0:00:09]} 30. Qe2 {[%emt 0:01:24]} Kf7 {[%emt 0:02:01]} 31. Rh4 Rg8 {[%emt 0:05:32]} 32. Ne4 {[%emt 0:03:12]} Qc1+ {[%emt 0:00:21]} 33. Ka2 {[%emt 0:00:05]} Bxa4 {[%emt 0:02:22]} 34. Rxg4 {[%emt 0:00:44]} Bd1 {[%emt 0:01:32]} 35. Rxg8 {[%emt 0:02:02]} Bxe2 {[%emt 0:00:12]} 36. Rxa8 {[%emt 0:01:01]} Bxd3 {[%emt 0:00:09]} 37. Nc3 {[%emt 0:00:28]} Bxc4+ {[%emt 0:00:18]} 38. Ka3 {[%emt 0:00:21]} Qa1+ {[%emt 0:00:10]} 0-1

[Event "Fagernes International 2022"]
[Site "Fagernes"]
[Date "2022.04.15"]
[Round "7.15"]
[White "Tiupenko, Mihail"]
[Black "Stenseng, Benjamin"]
[Result "1-0"]
[WhiteElo "1621"]
[BlackElo "1578"]
[Annotator "NA RC"]
[PlyCount "153"]
[EventDate "2022.04.10"]
[EventCountry "NOR"]
[SourceTitle "playchess.com"]
[Source "ChessBase"]
[SourceQuality "1"]

1. e4 {[%emt 0:07:18]} d6 {[%emt 0:00:32]} 2. d4 {[%emt 0:00:04]} Nf6 {[%emt 0:00:04]} 3. Nc3 {[%emt 0:00:15]} g6 {[%emt 0:00:06]} 4. g3 {[%emt 0:00:35]} Bg7 {[%emt 0:01:01]} 5. Bg2 {[%emt 0:00:06]} O-O {[%emt 0:00:22]} 6. Nf3 {[%emt 0:00:12]} c6 {[%emt 0:00:52]} 7. O-O {[%emt 0:00:16]} Qc7 {[%emt 0:03:54]} 8. Bf4 {[%emt 0:01:20]} b5 {[%emt 0:02:50]} 9. e5 {[%emt 0:03:51]} Nh5 {[%emt 0:02:01]} 10. exd6 {[%emt 0:01:34]} exd6 {[%emt 0:00:09]} 11. Bg5 {[%emt 0:00:55]} b4 {[%emt 0:02:08]} 12. Ne2 {[%emt 0:01:46]} h6 {[%emt 0:01:52]} 13. Be3 {[%emt 0:00:29]} a5 {[%emt 0:02:13]} 14. Qd2 {[%emt 0:02:19]} Kh7 {[%emt 0:00:58]} 15. a3 {[%emt 0:01:11]} Na6 {[%emt 0:09:05]} 16. axb4 {[%emt 0:01:12]} Nxb4 {[%emt 0:00:41]} 17. c4 {[%emt 0:06:23]} Bf5 {[%emt 0:03:43]} 18. Rfc1 {[%emt 0:04:17]} Nf6 {[%emt 0:12:06]} 19. Nc3 {[%emt 0:00:31]} Nd3 {[%emt 0:06:52]} 20. Rf1 {[%emt 0:03:18]} Nb4 {[%emt 0:11:08]} 21. Ne1 {[%emt 0:07:16]} d5 {[%emt 0:13:52]} 22. Bf4 {[%emt 0:02:23]} Qd8 {[%emt 0:03:03]} 23. cxd5 {[%emt 0:03:40]} cxd5 {[%emt 0:00:47]} 24. Be5 {[%emt 0:00:43]} Bc8 {[%emt 0:01:50]} 25. Nc2 {[%emt 0:06:01]} Ba6 {[%emt 0:02:15]} 26. Rfb1 {[%emt 0:05:09]} Bd3 {[%emt 0:03:46]} 27. Nxb4 {[%emt 0:02:30]} Bxb1 {[%emt 0:00:42]} 28. Nc6 {[%emt 0:00:22]} Qd7 {[%emt 0:03:49]} 29. Bxf6 {[%emt 0:00:45]} Bxf6 {[%emt 0:03:07]} 30. Rxb1 {[%emt 0:00:20]} Qxc6 {[%emt 0:01:39]} 31. Bxd5 {[%emt 0:00:09]} Qd7 {[%emt 0:00:51]} 32. Bxa8 {[%emt 0:00:09]} Rxa8 {[%emt 0:00:20]} 33. Rd1 {[%emt 0:01:12]} Rc8 {[%emt 0:03:27]} 34. Ne4 {[%emt 0:01:34]} Bd8 {[%emt 0:00:31]} 35. d5 {[%emt 0:00:30]} f5 {[%emt 0:00:54]} 36. Nc3 {[%emt 0:00:37]} a4 {[%emt 0:02:40]} 37. Qd4 {[%emt 0:00:38]} Rb8 {[%emt 0:01:22]} 38. Nxa4 {[%emt 0:01:08]} Ba5 {[%emt 0:00:20]} 39. Nc5 {[%emt 0:02:10]} Qa7 {[%emt 0:01:23]} 40. Qe5 {[%emt 0:01:20]} Bb6 {[%emt 0:01:33]} 41. Nd3 {[%emt 0:00:42]} Bd4 {[%emt 0:00:32]} 42. Qe2 {[%emt 0:00:37]} Rd8 {[%emt 0:01:01]} 43. Nb4 {[%emt 0:01:49]} Qb6 {[%emt 0:01:50]} 44. Nc6 Rxd5 {[%emt 0:00:29]} 45. Qe7+ {[%emt 0:00:56]} Bg7 {[%emt 0:01:28]} 46. Rxd5 {[%emt 0:00:14]} Qxc6 {[%emt 0:00:17]} 47. Rc5 {[%emt 0:01:42]} Qb6 {[%emt 0:02:43]} 48. Rc7 {[%emt 0:00:44]} Qxb2 {[%emt 0:00:45]} 49. Qe1 {[%emt 0:00:24]} Qd4 {[%emt 0:01:35]} 50. Qc1 {[%emt 0:00:58]} Kh8 {[%emt 0:04:58]} 51. Rc4 {[%emt 0:01:55]} Qd5 {[%emt 0:01:44]} 52. Rc6 {[%emt 0:01:24]} Kh7 {[%emt 0:01:24]} 53. Ra6 {[%emt 0:00:45]} Qf7 {[%emt 0:08:38]} 54. Qc6 {[%emt 0:01:18]} g5 {[%emt 0:01:01]} 55. Qe6 {[%emt 0:01:17]} Qf8 {[%emt 0:00:21]} 56. Qg6+ {[%emt 0:01:03]} Kh8 {[%emt 0:01:44]} 57. Re6 {[%emt 0:00:10]} Qg8 {[%emt 0:01:06]} 58. Re8 {[%emt 0:00:42]} Bf8 {[%emt 0:00:05]} 59. Qxf5 {[%emt 0:00:06]} Kg7 {[%emt 0:00:38]} 60. Qe5+ {[%emt 0:00:28]} Kh7 {[%emt 0:00:53]} 61. Qf6 {[%emt 0:00:46]} Qd5 {[%emt 0:04:00]} 62. Rxf8 {[%emt 0:00:28]} Qd1+ {[%emt 0:00:17]} 63. Kg2 {[%emt 0:00:05]} Qd5+ {[%emt 0:00:19]} 64. Qf3 {[%emt 0:00:08]} Qe5 {[%emt 0:00:25]} 65. Qf5+ {[%emt 0:00:37]} Qxf5 {[%emt 0:00:08]} 66. Rxf5 {[%emt 0:00:10]} Kg6 {[%emt 0:00:03]} 67. Ra5 {[%emt 0:00:11]} g4 {[%emt 0:00:12]} 68. h3 {[%emt 0:00:07]} h5 {[%emt 0:00:11]} 69. hxg4 {[%emt 0:00:09]} hxg4 {[%emt 0:00:05]} 70. f3 {[%emt 0:00:15]} gxf3+ {[%emt 0:00:05]} 71. Kxf3 {[%emt 0:00:04]} Kf6 {[%emt 0:00:06]} 72. Kf4 {[%emt 0:00:08]} Kg6 {[%emt 0:00:09]} 73. Rf5 {[%emt 0:00:16]} Kg7 {[%emt 0:00:05]} 74. Kg5 {[%emt 0:00:07]} Kh7 {[%emt 0:00:06]} 75. Kf6 {[%emt 0:00:17]} Kh6 {[%emt 0:00:15]} 76. Kf7 {[%emt 0:00:11]} Kh7 {[%emt 0:00:06]} 77. Rh5# {[%emt 0:00:04]} 1-0

[Event "Fagernes International 2022"]
[Site "Fagernes"]
[Date "2022.04.15"]
[Round "7.16"]
[White "Stromsodd, Jonas W"]
[Black "Hina, Ariza"]
[Result "0-1"]
[WhiteElo "1588"]
[BlackElo "1547"]
[Annotator "NA RC"]
[PlyCount "36"]
[EventDate "2022.04.10"]
[EventCountry "NOR"]
[SourceTitle "playchess.com"]
[Source "ChessBase"]
[SourceQuality "1"]

1. e4 {[%emt 0:01:59]} e5 {[%emt 0:00:27]} 2. Nc3 {[%emt 0:00:40]} Nf6 {[%emt 0:00:18]} 3. f4 {[%emt 0:00:10]} d5 {[%emt 0:00:04]} 4. fxe5 {[%emt 0:00:07]} Nxe4 {[%emt 0:00:06]} 5. Qf3 {[%emt 0:00:16]} Nxc3 {[%emt 0:01:04]} 6. bxc3 {[%emt 0:00:09]} c5 {[%emt 0:01:57]} 7. Qg3 {[%emt 0:00:16]} Bf5 {[%emt 0:01:55]} 8. Nf3 {[%emt 0:03:37]} Bxc2 {[%emt 0:29:00]} 9. Bb5+ {[%emt 0:00:35]} Nc6 {[%emt 0:00:55]} 10. O-O {[%emt 0:09:53]} Qb6 {[%emt 0:09:09]} 11. Bxc6+ {[%emt 0:01:17]} Qxc6 {[%emt 0:00:13]} 12. e6 {[%emt 0:01:01]} fxe6 {[%emt 0:12:26]} 13. Ne5 {[%emt 0:02:40]} Qb6 {[%emt 0:00:53]} 14. Rxf8+ {[%emt 0:09:07]} Rxf8 {[%emt 0:00:46]} 15. Qxg7 {[%emt 0:00:20]} c4+ {[%emt 0:00:56]} 16. d4 {[%emt 0:00:21]} cxd3+ {[%emt 0:00:06]} 17. Be3 {[%emt 0:00:27]} Qxe3+ {[%emt 0:00:22]} 18. Kh1 {[%emt 0:00:06]} O-O-O {[%emt 0:00:28]} 0-1

[Event "Fagernes International 2022"]
[Site "Fagernes"]
[Date "2022.04.15"]
[Round "7.17"]
[White "Donchenko, Irina"]
[Black "Nebell, Anne Grete"]
[Result "1-0"]
[WhiteElo "2057"]
[BlackElo "1287"]
[Annotator "NA RC"]
[PlyCount "89"]
[EventDate "2022.04.10"]
[EventCountry "NOR"]
[SourceTitle "playchess.com"]
[Source "ChessBase"]
[SourceQuality "1"]

1. d4 {[%emt 0:00:04]} Nf6 {[%emt 0:00:07]} 2. Nf3 {[%emt 0:00:17]} g6 {[%emt 0:00:15]} 3. c4 {[%emt 0:00:08]} Bg7 {[%emt 0:00:15]} 4. Nc3 {[%emt 0:00:32]} d6 {[%emt 0:00:20]} 5. e4 {[%emt 0:00:31]} O-O {[%emt 0:00:15]} 6. Be2 {[%emt 0:00:07]} e5 {[%emt 0:00:20]} 7. dxe5 {[%emt 0:00:35]} dxe5 {[%emt 0:00:43]} 8. Qxd8 {[%emt 0:00:06]} Rxd8 {[%emt 0:00:09]} 9. Bg5 {[%emt 0:00:08]} Re8 {[%emt 0:02:23]} 10. O-O-O {[%emt 0:00:35]} c6 {[%emt 0:00:14]} 11. Nxe5 {[%emt 0:01:32]} Nxe4 {[%emt 0:01:01]} 12. Nxe4 {[%emt 0:00:27]} Bxe5 {[%emt 0:00:35]} 13. Nd6 {[%emt 0:00:20]} Bxd6 {[%emt 0:03:44]} 14. Rxd6 {[%emt 0:00:49]} Be6 {[%emt 0:00:52]} 15. Rhd1 {[%emt 0:01:43]} Nd7 {[%emt 0:01:44]} 16. Be3 {[%emt 0:04:14]} Ne5 {[%emt 0:08:38]} 17. b3 {[%emt 0:04:46]} b6 {[%emt 0:07:38]} (17... f6 $14) 18. Bd4 {[%emt 0:08:08]} Ng4 $2 {[%emt 0:03:38] [#]} (18... Bf5 $16 {is a better defense.}) 19. Bxg4 {[%emt 0:06:08]} ({Weaker is} 19. Rxc6 Nxh2 20. Rd2 Bf5 $16) (19. Rxe6 $1 $18 {[%mdl 512]} Rxe6 20. Bxg4) 19... Bxg4 {[%emt 0:00:29]} 20. f3 {[%emt 0:00:11]} c5 {[%emt 0:02:06]} 21. fxg4 {[%emt 0:00:42]} cxd4 {[%emt 0:00:11]} 22. R6xd4 {[%emt 0:00:30]} Re2 {[%emt 0:00:42]} 23. R1d2 {[%emt 0:01:14]} Rae8 {[%emt 0:03:31]} 24. Rd8 {[%emt 0:07:08]} Re1+ {[%emt 0:01:52]} 25. Kc2 {[%emt 0:03:35]} Rxd8 {[%emt 0:00:59]} 26. Rxd8+ {[%emt 0:00:08]} Kg7 {[%emt 0:00:05]} 27. h3 {[%emt 0:01:06]} Kf6 {[%emt 0:02:31]} 28. b4 {[%emt 0:01:29]} Re2+ {[%emt 0:04:54]} 29. Rd2 {[%emt 0:02:36]} Re5 {[%emt 0:01:48]} 30. Kd3 {[%emt 0:01:08]} a5 {[%emt 0:05:34]} 31. a3 {[%emt 0:03:58]} h5 $2 {[%emt 0:02:48]} (31... Re1 {was worth a try.} 32. bxa5 bxa5) 32. gxh5 {[%emt 0:01:45]} Rxh5 {[%emt 0:00:13]} 33. Re2 {[%emt 0:01:25]} Rh8 {[%emt 0:04:27]} 34. c5 {[%emt 0:07:25]} bxc5 {[%emt 0:00:55]} 35. bxc5 {[%emt 0:00:09]} Rd8+ $18 {[%emt 0:00:25]} 36. Kc4 {[%emt 0:00:14]} Rd1 {[%emt 0:00:44]} 37. c6 {[%emt 0:03:08]} Rb1 {[%emt 0:01:55]} 38. Kc5 {[%emt 0:00:24]} a4 {[%emt 0:01:03]} 39. c7 {[%emt 0:00:47]} Rc1+ {[%emt 0:00:29]} 40. Kb6 {[%emt 0:00:26]} Rb1+ {[%emt 0:00:10]} 41. Kc6 {[%emt 0:00:07]} Rc1+ {[%emt 0:00:06]} 42. Kb7 {[%emt 0:00:10]} Rb1+ {[%emt 0:00:09]} 43. Kc8 {[%emt 0:00:17]} Rb3 {[%emt 0:00:42]} 44. Re8 {[%emt 0:03:30]} Rxa3 {[%emt 0:01:13]} 45. Kb7 {[%emt 0:00:43]} 1-0

[Event "Fagernes International 2022"]
[Site "Fagernes"]
[Date "2022.04.15"]
[Round "7.18"]
[White "Johannessen, Theo N"]
[Black "Damiano, Sophie"]
[Result "1-0"]
[WhiteElo "1766"]
[BlackElo "1205"]
[Annotator "NA RC"]
[PlyCount "80"]
[EventDate "2022.04.10"]
[EventCountry "NOR"]
[SourceTitle "playchess.com"]
[Source "ChessBase"]
[SourceQuality "1"]

1. d4 {[%emt 0:00:06]} Nf6 {[%emt 0:00:23]} 2. Nf3 {[%emt 0:00:07]} g6 {[%emt 0:00:30]} 3. c4 {[%emt 0:00:14]} Bg7 {[%emt 0:00:26]} 4. g3 {[%emt 0:00:09]} O-O {[%emt 0:00:40]} 5. Bg2 {[%emt 0:00:08]} d6 {[%emt 0:00:53]} 6. O-O {[%emt 0:00:14]} Re8 {[%emt 0:06:59]} 7. Nc3 {[%emt 0:02:06]} c5 {[%emt 0:08:27]} 8. b3 {[%emt 0:04:34]} Nfd7 {[%emt 0:04:18]} 9. Bb2 {[%emt 0:02:17]} cxd4 {[%emt 0:03:13]} 10. Nxd4 {[%emt 0:00:11]} Ne5 {[%emt 0:06:54]} 11. e3 {[%emt 0:19:47]} Nec6 {[%emt 0:07:54]} 12. Nce2 {[%emt 0:04:40]} Qb6 {[%emt 0:04:02]} 13. Qd2 {[%emt 0:02:56]} Ne5 {[%emt 0:05:19]} 14. Nf4 {[%emt 0:05:25]} a6 {[%emt 0:10:18]} 15. Nd5 {[%emt 0:03:51]} Qd8 {[%emt 0:01:16]} 16. f4 {[%emt 0:10:05]} Ned7 {[%emt 0:05:22]} 17. Rac1 {[%emt 0:08:53]} e6 {[%emt 0:09:09]} 18. Nc3 {[%emt 0:00:55]} Nf6 {[%emt 0:06:55]} 19. Rfd1 {[%emt 0:02:18]} Qc7 {[%emt 0:03:20]} 20. Nde2 {[%emt 0:08:29]} Rd8 {[%emt 0:02:19]} 21. Ba3 {[%emt 0:02:14]} Ne8 {[%emt 0:05:29]} 22. Ne4 {[%emt 0:01:41]} Bf8 {[%emt 0:05:17]} 23. Bb2 {[%emt 0:02:14]} Bg7 {[%emt 0:02:58]} 24. Bxg7 {[%emt 0:00:35]} Kxg7 {[%emt 0:00:32]} 25. g4 {[%emt 0:02:54]} Nc6 {[%emt 0:02:07]} 26. Qc3+ {[%emt 0:01:31]} Kg8 {[%emt 0:03:03]} 27. N2g3 {[%emt 0:01:47]} Qe7 {[%emt 0:02:40]} 28. Rf1 {[%emt 0:04:05]} Qf8 {[%emt 0:01:14]} 29. Rf2 {[%emt 0:04:37]} Ne7 {[%emt 0:01:02]} 30. Rd2 {[%emt 0:01:26]} Rb8 {[%emt 0:01:37]} 31. Rcd1 {[%emt 0:01:03]} f5 {[%emt 0:00:22]} 32. gxf5 {[%emt 0:01:57]} Nxf5 {[%emt 0:00:32]} 33. Nxf5 {[%emt 0:00:44]} exf5 {[%emt 0:00:23]} 34. Ng5 {[%emt 0:01:08]} Nf6 {[%emt 0:00:25]} 35. Rd4 {[%emt 0:01:58]} h6 {[%emt 0:00:45]} 36. Nh3 {[%emt 0:00:13]} Be6 {[%emt 0:00:30]} 37. Qd2 {[%emt 0:00:18]} Ne8 {[%emt 0:00:34]} 38. c5 {[%emt 0:00:58]} Rd7 {[%emt 0:01:05]} 39. cxd6 {[%emt 0:01:08]} Rbd8 {[%emt 0:00:19]} 40. Qb4 {[%emt 0:03:03]} Nxd6 {[%emt 0:00:50]} 1-0

[Event "Fagernes International 2022"]
[Site "Fagernes"]
[Date "2022.04.15"]
[Round "7.19"]
[White "Selvik, Elma"]
[Black "Andersen, Edvard"]
[Result "0-1"]
[WhiteElo "1392"]
[BlackElo "1534"]
[Annotator "NA RC"]
[PlyCount "106"]
[EventDate "2022.04.10"]
[EventCountry "NOR"]
[SourceTitle "playchess.com"]
[Source "ChessBase"]
[SourceQuality "1"]

1. d4 {[%emt 0:00:04]} d5 {[%emt 0:00:09]} 2. c4 {[%emt 0:00:15]} c6 {[%emt 0:00:07]} 3. Nf3 {[%emt 0:00:21]} e6 {[%emt 0:00:08]} 4. g3 {[%emt 0:00:32]} f5 {[%emt 0:00:09]} 5. Bg2 {[%emt 0:01:24]} Nf6 {[%emt 0:00:07]} 6. O-O {[%emt 0:02:20]} Bd6 {[%emt 0:00:18]} 7. Bg5 {[%emt 0:05:33]} O-O {[%emt 0:00:20]} 8. Qc2 {[%emt 0:02:14]} h6 {[%emt 0:01:59]} 9. Bxf6 {[%emt 0:02:07]} Qxf6 {[%emt 0:00:15]} 10. e3 {[%emt 0:02:49]} Nd7 {[%emt 0:01:17]} 11. Nbd2 {[%emt 0:03:22]} Qe7 {[%emt 0:01:22]} 12. c5 {[%emt 0:07:28]} Bc7 {[%emt 0:00:17]} 13. b4 {[%emt 0:03:42]} Nf6 {[%emt 0:05:57]} 14. Rfb1 {[%emt 0:13:43]} Bd7 {[%emt 0:01:16]} 15. a4 {[%emt 0:07:33]} a6 {[%emt 0:01:14]} 16. Ra2 {[%emt 0:05:02]} g5 {[%emt 0:03:45]} 17. Qb3 {[%emt 0:13:30]} Ne4 {[%emt 0:07:41]} 18. Rba1 {[%emt 0:20:17]} h5 {[%emt 0:27:11]} 19. h4 {[%emt 0:11:10]} gxh4 {[%emt 0:13:16]} 20. Nxh4 {[%emt 0:04:06]} Rf7 {[%emt 0:01:37]} 21. Ndf3 {[%emt 0:01:34]} Qf6 {[%emt 0:14:14]} 22. Bh1 {[%emt 0:01:27]} Rg7 {[%emt 0:08:32]} 23. Kf1 {[%emt 0:00:58]} Re8 {[%emt 0:04:40]} 24. Ke1 {[%emt 0:00:33]} Nxg3 {[%emt 0:00:43]} 25. fxg3 {[%emt 0:00:30]} Bxg3+ {[%emt 0:00:03]} 26. Ke2 {[%emt 0:00:33]} Bxh4 {[%emt 0:00:08]} 27. Nxh4 {[%emt 0:00:26]} Qxh4 {[%emt 0:00:02]} 28. Kd3 {[%emt 0:00:33]} f4 {[%emt 0:04:20]} 29. Re2 {[%emt 0:00:32]} fxe3 {[%emt 0:00:59]} 30. Rxe3 {[%emt 0:00:22]} Rg3 {[%emt 0:00:22]} 31. Rae1 {[%emt 0:00:38]} Rxe3+ {[%emt 0:00:18]} 32. Rxe3 {[%emt 0:00:26]} Qxh1 {[%emt 0:00:31]} 33. Rg3+ {[%emt 0:00:21]} Kf7 {[%emt 0:00:44]} 34. Qc2 {[%emt 0:00:45]} Qe4+ {[%emt 0:00:11]} 35. Kd2 {[%emt 0:00:31]} Qxc2+ {[%emt 0:00:03]} 36. Kxc2 {[%emt 0:00:07]} Rg8 {[%emt 0:00:38]} 37. Rf3+ {[%emt 0:00:38]} Kg7 {[%emt 0:00:34]} 38. Rg3+ {[%emt 0:00:24]} Kh7 {[%emt 0:00:45]} 39. Rh3 {[%emt 0:00:29]} Kh6 {[%emt 0:00:10]} 40. Rh2 {[%emt 0:00:58]} Rf8 {[%emt 0:00:52]} 41. Kb2 {[%emt 0:05:05]} Be8 {[%emt 0:00:46]} 42. Re2 {[%emt 0:01:59]} Rf6 {[%emt 0:00:10]} 43. Rh2 {[%emt 0:04:57]} Bg6 {[%emt 0:00:09]} 44. a5 {[%emt 0:01:00]} Be4 {[%emt 0:01:11]} 45. Rh3 {[%emt 0:01:30]} Rf2+ {[%emt 0:00:42]} 46. Kc1 {[%emt 0:01:38]} Bf5 {[%emt 0:01:28]} 47. Rg3 {[%emt 0:01:41]} Bg4 {[%emt 0:00:10]} 48. Rg1 {[%emt 0:00:28]} Kg5 {[%emt 0:00:06]} 49. Rh1 {[%emt 0:00:47]} h4 {[%emt 0:00:08]} 50. Re1 {[%emt 0:01:07]} h3 {[%emt 0:00:17]} 51. Re5+ {[%emt 0:00:50]} Kf4 {[%emt 0:00:11]} 52. Re1 {[%emt 0:01:18]} h2 {[%emt 0:00:12]} 53. Rh1 {[%emt 0:00:28]} Bf3 {[%emt 0:00:52]} 0-1